Vplyv prílevu priamych zahraničných investícií na produktivitu práce na Slovensku

Zhodnotenie vplyvu prílevu priamych zahraničných investícií na produktivitu práce na Slovensku v rokoch 1995-2008.

Guardado en:
Detalles Bibliográficos
Autor principal: Dudáš, Tomáš, 1976-
Formato: Capítulo de libro
Lenguaje:eslovaco
Materias:
Etiquetas: Agregar Etiqueta
Sin Etiquetas, Sea el primero en etiquetar este registro!

MARC

LEADER 00000naa a2200000 4500
001 0165425
005 20240502072901.7
041 0 |a slo 
044 |a SK 
245 1 0 |a Vplyv prílevu priamych zahraničných investícií na produktivitu práce na Slovensku  |c Tomáš Dudáš 
520 |a Zhodnotenie vplyvu prílevu priamych zahraničných investícií na produktivitu práce na Slovensku v rokoch 1995-2008. 
610 2 0 |a investície priame zahraničné 
610 2 0 |a analýza empirická 
610 2 0 |a produktivita práce 
610 2 0 |a Slovensko 
610 2 0 |a podnik 
610 2 0 |a výkony podnikové 
610 2 0 |a výkony pracovné 
100 1 |a Dudáš, Tomáš, 1976-